[Event "DVM U10 2016"]
[Site "Magdeburg GER"]
[Date "2016.12.27"]
[Round "1"]
[White "Englert, Luca"]
[Black "Willberg, Marek"]
[Result "1-0"]
[Termination "normal"]
[Board "16.1"]
[WhiteElo "600"]
[BlackElo "1060"]
[WhiteTeam "BSG Grün-Weiß Leipzig 2"]
[BlackTeam "BSG Grün-Weiß Leipzig"]
[PlyCount "90"]
[WhiteFideId "16293088"]
[BlackFideId "16224027"]
[EventCountry "GER"]
[EventRounds "7"]
[EventType "team-swiss"]
[EventDate "2016.12.27"]

1. e4 e5 2. Nf3 Nc6 3. Bc4 Nf6 4. Nc3 Bc5 5. Ng5 O-O 6. d3 h6 7. Nf3 d6 8. Bd2
Bg4 9. h3 Bh5 10. g4 Bg6 11. Qe2 Nd4 12. Nxd4 Bxd4 13. O-O-O Qd7 14. g5 hxg5
15. Bxg5 Bh5 16. f3 c6 17. Kd2 Bxc3+ 18. bxc3 d5 19. Bxf6 gxf6 20. Rhg1+ Bg6
21. exd5 cxd5 22. Bb3 Kh8 23. Kc1 Rac8 24. Kb2 Qc6 25. c4 d4 26. Qd2 Kh7 27.
Qa5 Qc5 28. Qxc5 Rxc5 29. h4 Rg8 30. Rh1 Bh5 31. Rhf1 Rg3 32. Rde1 Bxf3 33. c3
dxc3+ 34. Kxc3 e4 35. d4 Rh5 36. d5 Bg2+ 37. Kb4 Bxf1 38. Rxf1 Rd3 39. Bc2 Rd2
40. Kc3 Rg2 41. Bxe4+ Kg8 42. Bxg2 Re5 43. d6 Re8 44. Bxb7 Rd8 45. Rxf6 Rf8 1-0

[Event "DVM U10 2016"]
[Site "Magdeburg GER"]
[Date "2016.12.27"]
[Round "1"]
[White "Nguyen, Jenny Ha-Linh"]
[Black "Jung, Maximilian"]
[Result "1-0"]
[Termination "normal"]
[Board "16.2"]
[WhiteElo "1061"]
[BlackElo "794"]
[WhiteTeam "BSG Grün-Weiß Leipzig"]
[BlackTeam "BSG Grün-Weiß Leipzig 2"]
[PlyCount "109"]
[WhiteFideId "16209729"]
[EventCountry "GER"]
[EventRounds "7"]
[EventType "team-swiss"]
[EventDate "2016.12.27"]

1. e4 e5 2. Nf3 Nc6 3. Bc4 Nf6 4. d3 Bc5 5. Nc3 d6 6. h3 a6 7. a3 h6 8. Be3 O-O
9. Bxc5 dxc5 10. O-O Nh5 11. Qd2 Qf6 12. Kh1 Nf4 13. Nd5 Qg6 14. Nxf4 exf4 15.
Qxf4 Qh5 16. Qh4 Qg6 17. Rfe1 Nd4 18. Nxd4 cxd4 19. c3 Re8 20. cxd4 Qb6 21. b4
g5 22. Qg3 Qxd4 23. f4 g4 24. hxg4 b5 25. Bd5 Be6 26. Bxa8 Rxa8 27. f5 Bd7 28.
Rad1 a5 29. bxa5 Rxa5 30. Qxc7 Ra7 31. Qg3 Rxa3 32. g5 h5 33. Qe3 Qb2 34. Re2
Qe5 35. Rc2 Qg7 36. f6 Qh8 37. Rc5 h4 38. e5 Ra4 39. d4 b4 40. d5 Ra3 41. Qe1
h3 42. g3 h2 43. Rd2 Qh7 44. Rxh2 Qg6 45. e6 Ba4 46. Qxb4 Ra1+ 47. Kg2 Ra2+ 48.
Kh3 Qf5+ 49. Qg4 Qh7+ 50. Qh4 Rxh2+ 51. Kxh2 Qb1 52. exf7+ Kxf7 53. Rc7+ Kg6
54. Rg7+ Kf5 55. Qf4# 1-0

[Event "DVM U10 2016"]
[Site "Magdeburg GER"]
[Date "2016.12.27"]
[Round "1"]
[White "Widmann, Maximilian"]
[Black "Schulz, Leonard"]
[Result "0-1"]
[Termination "normal"]
[Board "16.3"]
[WhiteElo "785"]
[BlackElo "1119"]
[WhiteTeam "BSG Grün-Weiß Leipzig 2"]
[BlackTeam "BSG Grün-Weiß Leipzig"]
[PlyCount "120"]
[WhiteFideId "16281691"]
[EventCountry "GER"]
[EventRounds "7"]
[EventType "team-swiss"]
[EventDate "2016.12.27"]

1. e4 e5 2. Nf3 Nc6 3. Nc3 Bc5 4. Nxe5 Nxe5 5. d4 Bd6 6. dxe5 Bxe5 7. Bc4 Nf6
8. Bg5 h6 9. Be3 d6 10. Bd5 c6 11. Bc4 Be6 12. Bxe6 fxe6 13. Bd4 Bxd4 14. Qxd4
Qe7 15. e5 dxe5 16. Qxe5 O-O 17. O-O-O Ng4 18. Qd4 Nxf2 19. Rhf1 Nxd1 20. Rxf8+
Rxf8 21. Kxd1 Qf6 22. Qd3 Qf1+ 23. Qxf1 Rxf1+ 24. Ke2 Rf4 25. g3 Rf8 26. Ne4
Rf5 27. Nd6 Re5+ 28. Kf3 Rc5 29. c3 b6 30. Ne4 Rf5+ 31. Kg2 Re5 32. Nd6 Re2+
33. Kh3 Rxb2 34. a4 Ra2 35. g4 Rxa4 36. Kh4 Ra5 37. Nb7 c5 38. Nxa5 bxa5 39. g5
hxg5+ 40. Kxg5 a4 41. Kf4 a3 42. Ke5 a2 43. Kxe6 a1=Q 44. h4 Qa2+ 45. Ke5 Qe2+
46. Kd5 a5 47. Kxc5 a4 48. Kb4 Qe4+ 49. c4 Qxh4 50. Kxa4 Qxc4+ 51. Ka5 Qb3 52.
Ka6 Kf7 53. Ka5 Ke7 54. Ka6 Kd7 55. Ka7 Kc7 56. Ka6 Kc6 57. Ka5 Kc5 58. Ka6 Kc6
59. Ka5 Kc7 60. Ka6 Qa4# 0-1

[Event "DVM U10 2016"]
[Site "Magdeburg GER"]
[Date "2016.12.27"]
[Round "1"]
[White "Grey, Anna"]
[Black "Pixa, Karl"]
[Result "1/2-1/2"]
[Termination "normal"]
[Board "17.1"]
[WhiteElo "929"]
[BlackElo "1195"]
[WhiteTeam "ESV Lok Falkenberg"]
[BlackTeam "SV Dresden-Striesen"]
[PlyCount "75"]
[WhiteFideId "16226917"]
[BlackFideId "16240480"]
[EventCountry "GER"]
[EventRounds "7"]
[EventType "team-swiss"]
[EventDate "2016.12.27"]

1. c4 c5 2. e3 d6 3. Nc3 Nc6 4. Nf3 Nf6 5. Be2 Bg4 6. O-O g6 7. d4 cxd4 8. exd4
Bg7 9. a3 a5 10. b3 Qb6 11. Be3 Qc7 12. Nb5 Qd7 13. Qd2 O-O 14. Bh6 Rac8 15.
Rac1 d5 16. Bxg7 Kxg7 17. Qd1 Ne4 18. Nc3 e6 19. h3 Bxf3 20. Bxf3 Nxc3 21. Rxc3
dxc4 22. Rxc4 b5 23. Bxc6 Rxc6 24. Rc5 Rxc5 25. dxc5 Qxd1 26. Rxd1 Rc8 27. b4
axb4 28. axb4 Rc6 29. Kh2 Kf6 30. Kg3 h5 31. f4 Kf5 32. Kf3 e5 33. fxe5 Kxe5
34. g3 f6 35. Rd2 g5 36. Rd1 Ke6 37. Rd4 Ke5 38. Ke3 1/2-1/2

[Event "DVM U10 2016"]
[Site "Magdeburg GER"]
[Date "2016.12.27"]
[Round "1"]
[White "Richter, Nicholas"]
[Black "Frenkel, Nico"]
[Result "1-0"]
[Termination "normal"]
[Board "17.2"]
[WhiteElo "1149"]
[BlackElo "1028"]
[WhiteTeam "SV Dresden-Striesen"]
[BlackTeam "ESV Lok Falkenberg"]
[PlyCount "75"]
[WhiteFideId "16244834"]
[BlackFideId "16226950"]
[EventCountry "GER"]
[EventRounds "7"]
[EventType "team-swiss"]
[EventDate "2016.12.27"]

1. d4 d5 2. c4 dxc4 3. e3 b5 4. a4 Qd5 5. Nc3 Qc6 6. Nxb5 Ba6 7. Nc3 e6 8. Be2
Bb4 9. Bf3 Bxc3+ 10. bxc3 Qb6 11. Bxa8 Bb7 12. Bxb7 Qxb7 13. Nf3 Nc6 14. Ba3
Nf6 15. O-O Ne4 16. Qc2 Na5 17. Rab1 Nb3 18. Rfd1 Qd5 19. Nd2 Nexd2 20. Rxd2
Kd7 21. Re2 h5 22. e4 Qg5 23. Re3 Rh6 24. Qe2 Rg6 25. Rg3 Qf4 26. Rxg6 fxg6 27.
Qe3 Qg4 28. Qf3 Qg5 29. Qf7+ Kc6 30. Qe8+ Kb7 31. Qb5+ Kc8 32. Qxg5 h4 33. Qe7
h3 34. Qxe6+ Kb7 35. Qxc4 hxg2 36. Rxb3+ Kc8 37. Qe6+ Kd8 38. Rb8# 1-0

[Event "DVM U10 2016"]
[Site "Magdeburg GER"]
[Date "2016.12.27"]
[Round "1"]
[White "Meyer-Deharde, Mattis"]
[Black "Do Minh, Philip"]
[Result "1-0"]
[Termination "normal"]
[Board "17.4"]
[WhiteElo "866"]
[BlackElo "600"]
[WhiteTeam "SV Dresden-Striesen"]
[BlackTeam "ESV Lok Falkenberg"]
[PlyCount "110"]
[EventCountry "GER"]
[EventRounds "7"]
[EventType "team-swiss"]
[EventDate "2016.12.27"]

1. e4 e5 2. Nf3 Nc6 3. Nc3 Bc5 4. Bc4 Nf6 5. O-O O-O 6. h3 d6 7. d3 h6 8. Nd5
Be6 9. a3 a6 10. Nxf6+ Qxf6 11. Bxe6 Qxe6 12. b4 Bd4 13. Rb1 Ba7 14. Nh4 Nd4
15. Be3 Qf6 16. Qg4 Nxc2 17. Bxa7 Rxa7 18. Rbc1 Nxa3 19. Rxc7 Nb5 20. Rd7 b6
21. Rxa7 Nxa7 22. f4 Nc6 23. g3 Qe6 24. f5 Qf6 25. Rd1 Nxb4 26. d4 b5 27. Rb1
Nc2 28. dxe5 dxe5 29. Qe2 Nd4 30. Qa2 Ra8 31. Rc1 Kh7 32. Qd5 Ra7 33. Ng2 Ne2+
34. Kf1 Nxc1 35. Qc5 Ra8 36. Qxc1 Qg5 37. Qc6 Ra7 38. g4 Qf6 39. Qc5 Ra8 40.
Ne3 Rd8 41. Nc4 Qg5 42. Nxe5 Rd2 43. Nf3 Rd1+ 44. Ke2 Rc1 45. Qa3 Rc6 46. Nxg5+
hxg5 47. h4 gxh4 48. Qh3 Rc2+ 49. Kd1 Rc4 50. Qxh4+ Kg8 51. Qg5 Ra4 52. Kc2
Rc4+ 53. Kb3 Rxe4 54. f6 g6 55. Qh6 Rxg4 1-0

[Event "DVM U10 2016"]
[Site "Magdeburg GER"]
[Date "2016.12.27"]
[Round "1"]
[White "Hecht, Jonas Christian"]
[Black "Lienau, Tom"]
[Result "1-0"]
[Termination "normal"]
[Board "18.1"]
[WhiteElo "1381"]
[BlackElo "886"]
[WhiteTeam "SC Kreuzberg"]
[BlackTeam "Segeberger SF"]
[PlyCount "81"]
[WhiteFideId "16214846"]
[BlackFideId "16216423"]
[EventCountry "GER"]
[EventRounds "7"]
[EventType "team-swiss"]
[EventDate "2016.12.27"]

1. e4 e5 2. Nf3 Nc6 3. Bc4 d6 4. c3 Be7 5. d3 Nf6 6. Bb3 Bd7 7. O-O Bg4 8. Nbd2
Bxf3 9. Nxf3 Qd7 10. Be3 O-O-O 11. Bxf7 Rhf8 12. Ng5 h6 13. Be6 hxg5 14. Bxd7+
Rxd7 15. Bxg5 Nh7 16. Bxe7 Rxe7 17. Qg4+ Kd8 18. f4 Nf6 19. Qh4 Ke8 20. fxe5
dxe5 21. Rad1 Nd8 22. d4 exd4 23. Rxd4 Nc6 24. Rdd1 Rxe4 25. Rde1 Re7 26. Rxe7+
Nxe7 27. Qa4+ Nc6 28. Re1+ Kd8 29. Qb5 Kc8 30. Qf5+ Kb8 31. g4 Rc8 32. g5 Ne8
33. Qg6 Nd6 34. Qxg7 Nf5 35. Qf6 Nd6 36. g6 Ne8 37. Qf8 Nd6 38. g7 Nf7 39.
Qxc8+ Kxc8 40. g8=Q+ Nfd8 41. h4 1-0

[Event "DVM U10 2016"]
[Site "Magdeburg GER"]
[Date "2016.12.27"]
[Round "1"]
[White "Palyan, Levon"]
[Black "Held, Momme Fredrik"]
[Result "1-0"]
[Termination "normal"]
[Board "18.2"]
[WhiteElo "880"]
[BlackElo "1085"]
[WhiteTeam "Segeberger SF"]
[BlackTeam "SC Kreuzberg"]
[PlyCount "67"]
[WhiteFideId "16216440"]
[BlackFideId "16237692"]
[EventCountry "GER"]
[EventRounds "7"]
[EventType "team-swiss"]
[EventDate "2016.12.27"]

1. e4 e5 2. Nf3 Nc6 3. Bc4 Nf6 4. Nc3 Nxe4 5. Nxe4 d5 6. Bd3 dxe4 7. Bxe4 Be7
8. Bxc6+ bxc6 9. Nxe5 Qd5 10. Nf3 Bg4 11. h3 Bxf3 12. Qxf3 Qxf3 13. gxf3 O-O
14. Rg1 Rfe8 15. d3 Bg5+ 16. Kf1 Bxc1 17. Rxc1 Rab8 18. b3 c5 19. Re1 Rxe1+ 20.
Kxe1 Re8+ 21. Kf1 Re6 22. Kg2 Re2 23. c3 Rxa2 24. Re1 Kf8 25. Kg3 Rc2 26. c4
Rb2 27. Ra1 Ke8 28. Rxa7 Kd7 29. Ra5 Kc6 30. Ra6+ Kb7 31. Ra5 Kb6 32. Ra8 Rxb3
33. Rb8+ Ka5 34. Rxb3 1-0

[Event "DVM U10 2016"]
[Site "Magdeburg GER"]
[Date "2016.12.27"]
[Round "1"]
[White "Lieske, Aaron"]
[Black "Staubus, Noah"]
[Result "1-0"]
[Termination "normal"]
[Board "18.3"]
[WhiteElo "1001"]
[BlackElo "1007"]
[WhiteTeam "SC Kreuzberg"]
[BlackTeam "Segeberger SF"]
[PlyCount "75"]
[WhiteFideId "16297938"]
[BlackFideId "34690271"]
[EventCountry "GER"]
[EventRounds "7"]
[EventType "team-swiss"]
[EventDate "2016.12.27"]

1. e4 e5 2. Nf3 Nc6 3. Bc4 Bc5 4. Nc3 Nf6 5. O-O O-O 6. d3 d6 7. h3 Bd7 8. Bg5
h6 9. Be3 Bxe3 10. fxe3 Be6 11. Bb3 Bxb3 12. axb3 a6 13. d4 exd4 14. exd4 Re8
15. Re1 d5 16. e5 Nh5 17. Qd2 b5 18. Kh2 Ne7 19. g4 Nf5 20. gxf5 c6 21. Qg2 Nf4
22. Qg4 g5 23. fxg6 fxg6 24. Qxf4 Rf8 25. Qg4 g5 26. Rf1 Rf4 27. Qe6+ Rf7 28.
Ng1 Raa7 29. Rxf7 Rxf7 30. Rf1 Qf8 31. Rxf7 Qxf7 32. Qxf7+ Kxf7 33. Kg3 b4 34.
Na4 h5 35. Nf3 h4+ 36. Kg4 Kg6 37. Nxg5 Kg7 38. Kxh4 1-0

[Event "DVM U10 2016"]
[Site "Magdeburg GER"]
[Date "2016.12.27"]
[Round "1"]
[White "Ellert, Stefan"]
[Black "Lerchl, Clemens"]
[Result "0-1"]
[Termination "normal"]
[Board "19.1"]
[WhiteElo "1246"]
[BlackElo "1499"]
[WhiteTeam "SV Schachfreunde Friedrichshagen"]
[BlackTeam "SC Vaterstetten"]
[PlyCount "68"]
[WhiteFideId "16235029"]
[BlackFideId "16226372"]
[EventCountry "GER"]
[EventRounds "7"]
[EventType "team-swiss"]
[EventDate "2016.12.27"]

1. e4 Nf6 2. Nc3 d5 3. exd5 Nxd5 4. d4 Nc6 5. Nf3 Bg4 6. Be2 g6 7. h3 Bf5 8.
O-O Bg7 9. Bb5 Qd6 10. Nxd5 Qxd5 11. c4 Qd6 12. d5 O-O-O 13. Qa4 Nb8 14. Qxa7
Qb4 15. Qa4 Qxa4 16. Bxa4 Bd3 17. Re1 Bxc4 18. Rxe7 Bxd5 19. Bf4 Nd7 20. Rxd7
Rxd7 21. Bxd7+ Kxd7 22. Rd1 c6 23. b4 Ra8 24. Ne5+ Ke6 25. Re1 Kf5 26. Bg3 Re8
27. Nd3 Rxe1+ 28. Nxe1 Bxa2 29. Bd6 Bc3 30. Nf3 Bd5 31. g4+ Ke6 32. Bc5 Bxf3
33. Kh2 Be5+ 34. Kg1 Bd6 0-1

[Event "DVM U10 2016"]
[Site "Magdeburg GER"]
[Date "2016.12.27"]
[Round "1"]
[White "Kraftsik, Christian"]
[Black "Murach, Moritz"]
[Result "1-0"]
[Termination "normal"]
[Board "19.2"]
[WhiteElo "1136"]
[BlackElo "849"]
[WhiteTeam "SC Vaterstetten"]
[BlackTeam "SV Schachfreunde Friedrichshagen"]
[PlyCount "101"]
[WhiteFideId "16242548"]
[EventCountry "GER"]
[EventRounds "7"]
[EventType "team-swiss"]
[EventDate "2016.12.27"]

1. e4 c5 2. Nf3 Nc6 3. d3 d5 4. Nbd2 Nf6 5. g3 dxe4 6. dxe4 e5 7. Bg2 Be7 8.
O-O O-O 9. Qe2 Bg4 10. Qe3 Be6 11. b3 Ng4 12. Qe2 f5 13. exf5 Bxf5 14. Bb2 Bf6
15. Rad1 Qc7 16. Qc4+ Kh8 17. Qxc5 Bg6 18. Qc4 Bf5 19. Ba3 Rfe8 20. b4 e4 21.
Ne1 e3 22. Bf3 exd2 23. Rxd2 Nge5 24. Qc5 g6 25. b5 b6 26. Qd6 Qxd6 27. Rxd6
Nxf3+ 28. Nxf3 Be7 29. Bb2+ Kg8 30. Rxc6 Be4 31. Rc3 Bf6 32. Re3 Bxb2 33. Rfe1
Bc3 34. Rxc3 Bxf3 35. Rxe8+ Rxe8 36. Rxf3 Re1+ 37. Kg2 Ra1 38. Ra3 Rb1 39. Rxa7
Rxb5 40. c4 Rb4 41. Rb7 Rxc4 42. Rxb6 Ra4 43. Rb2 Ra3 44. Re2 Kf7 45. Kf1 h6
46. Ke1 Rc3 47. Kd1 Rc4 48. a3 g5 49. Re5 Ra4 50. Re3 Kf6 51. Kc2 1-0

[Event "DVM U10 2016"]
[Site "Magdeburg GER"]
[Date "2016.12.27"]
[Round "1"]
[White "Tempel, Emil"]
[Black "Heinitz, Arthur"]
[Result "0-1"]
[Termination "normal"]
[Board "19.3"]
[WhiteElo "600"]
[BlackElo "776"]
[WhiteTeam "SV Schachfreunde Friedrichshagen"]
[BlackTeam "SC Vaterstetten"]
[PlyCount "110"]
[EventCountry "GER"]
[EventRounds "7"]
[EventType "team-swiss"]
[EventDate "2016.12.27"]

1. e4 e5 2. Nf3 Nc6 3. Bc4 Bc5 4. d3 d6 5. Bg5 f6 6. Be3 Bg4 7. c3 Bxe3 8. fxe3
Nge7 9. d4 Qd7 10. dxe5 Nxe5 11. Nbd2 O-O-O 12. h3 Bxf3 13. Nxf3 Nxf3+ 14. gxf3
a6 15. Qb3 b6 16. Rd1 Qc6 17. Bxa6+ Kb8 18. Qb5 Qxb5 19. Bxb5 Kb7 20. Rd4 Ra8
21. Ra4 Rxa4 22. Bxa4 Nc6 23. Bxc6+ Kxc6 24. Kd2 Kd7 25. h4 Rg8 26. f4 Ke6 27.
b4 g5 28. Rg1 h6 29. Kc2 Ra8 30. hxg5 fxg5 31. fxg5 hxg5 32. Rxg5 c5 33. bxc5
bxc5 34. Rg6+ Kd7 35. Rg7+ Kc6 36. Rg6 Rb8 37. Rh6 Re8 38. Kd3 Rd8 39. Rh5 d5
40. Rh6+ Kb5 41. c4+ dxc4+ 42. Kc3 Rd3+ 43. Kc2 Rxe3 44. Re6 Re2+ 45. Kb1 c3
46. a3 c4 47. Kc1 c2 48. Re5+ Ka4 49. Rd5 Kb3 50. e5 c3 51. Rb5+ Kc4 52. Rb4+
Kd3 53. Rd4+ Kxd4 54. a4 Kd3 55. e6 Re1# 0-1

[Event "DVM U10 2016"]
[Site "Magdeburg GER"]
[Date "2016.12.27"]
[Round "1"]
[White "Lerchl, Justus"]
[Black "Graßmann, Ludwig"]
[Result "1-0"]
[Termination "normal"]
[Board "19.4"]
[WhiteElo "951"]
[BlackElo "600"]
[WhiteTeam "SC Vaterstetten"]
[BlackTeam "SV Schachfreunde Friedrichshagen"]
[PlyCount "25"]
[WhiteFideId "16240677"]
[BlackFideId "16238486"]
[EventCountry "GER"]
[EventRounds "7"]
[EventType "team-swiss"]
[EventDate "2016.12.27"]

1. e4 e5 2. d4 exd4 3. c3 dxc3 4. Bc4 cxb2 5. Bxb2 Bb4+ 6. Nd2 Nf6 7. Ngf3 Nxe4
8. O-O O-O 9. Nxe4 Bd6 10. Qd4 Qf6 11. Nxf6+ gxf6 12. Qxf6 Re8 13. Qg7# 1-0

[Event "DVM U10 2016"]
[Site "Magdeburg GER"]
[Date "2016.12.27"]
[Round "1"]
[White "Schlange, Jonathan"]
[Black "Dornheim, Carl Friedrich"]
[Result "0-1"]
[Termination "normal"]
[Board "20.1"]
[WhiteElo "865"]
[BlackElo "1234"]
[WhiteTeam "Schachzwerge Magdeburg 2"]
[BlackTeam "Schachzwerge Magdeburg 1"]
[PlyCount "84"]
[WhiteFideId "16287240"]
[BlackFideId "16252314"]
[EventCountry "GER"]
[EventRounds "7"]
[EventType "team-swiss"]
[EventDate "2016.12.27"]

1. e4 c5 2. Nf3 d6 3. Bc4 e6 4. Nc3 Nf6 5. d4 cxd4 6. Nxd4 Be7 7. Bg5 Nxe4 8.
Bxe7 Nxc3 9. Bxd8 Nxd1 10. Bg5 Nxb2 11. Bb3 Bd7 12. Rb1 Na4 13. Bxa4 Bxa4 14.
Rxb7 Nc6 15. O-O Nxd4 16. Rb4 Ne2+ 17. Kh1 Bd7 18. Rfb1 O-O 19. Be7 Rfe8 20.
Bxd6 Nc3 21. R1b3 Nxa2 22. Rb7 Bc6 23. Rc7 Bd5 24. Rb5 Nc1 25. Rc3 Ne2 26. Re3
Nd4 27. Rc5 Nf5 28. Rh3 Nxd6 29. Rh4 Nf5 30. Rh5 Rac8 31. Rb5 Rb8 32. Rxb8 Rxb8
33. h3 a5 34. Kg1 a4 35. Kf1 a3 36. Ke2 a2 37. f3 a1=Q 38. g4 Ng3+ 39. Kf2 Nxh5
40. gxh5 Qd4+ 41. Ke2 Bc4+ 42. Ke1 Rb1# 0-1

[Event "DVM U10 2016"]
[Site "Magdeburg GER"]
[Date "2016.12.27"]
[Round "1"]
[White "Mirschel, Thaddeus"]
[Black "Heutling, Sarah"]
[Result "1-0"]
[Termination "normal"]
[Board "20.2"]
[WhiteElo "1057"]
[BlackElo "600"]
[WhiteTeam "Schachzwerge Magdeburg 1"]
[BlackTeam "Schachzwerge Magdeburg 2"]
[PlyCount "43"]
[WhiteFideId "16277570"]
[BlackFideId "16287304"]
[EventCountry "GER"]
[EventRounds "7"]
[EventType "team-swiss"]
[EventDate "2016.12.27"]

1. e4 e5 2. Nf3 Nc6 3. Bc4 Bc5 4. c3 Nf6 5. d4 exd4 6. cxd4 Bb4+ 7. Bd2 Nxe4 8.
Bxb4 Nxb4 9. Ne5 Rg8 10. Bxf7+ Kf8 11. Bxg8 Kxg8 12. Qb3+ Kf8 13. Qxb4+ Ke8 14.
Qc4 Ke7 15. Qb4+ Ke8 16. Nd2 Nd6 17. O-O b6 18. Rfe1 Bb7 19. Qb3 Qg5 20. Nef3+
Kd8 21. Qg8+ Ne8 22. Qxe8# 1-0

[Event "DVM U10 2016"]
[Site "Magdeburg GER"]
[Date "2016.12.27"]
[Round "1"]
[White "Schlange, Tamara"]
[Black "Weber, Willi"]
[Result "0-1"]
[Termination "normal"]
[Board "20.3"]
[WhiteElo "600"]
[BlackElo "924"]
[WhiteTeam "Schachzwerge Magdeburg 2"]
[BlackTeam "Schachzwerge Magdeburg 1"]
[PlyCount "66"]
[WhiteFideId "34600817"]
[EventCountry "GER"]
[EventRounds "7"]
[EventType "team-swiss"]
[EventDate "2016.12.27"]

1. e4 c5 2. Nf3 Nc6 3. Bb5 d6 4. O-O Nf6 5. d3 g6 6. h3 Bg7 7. Nc3 O-O 8. a3 a6
9. Bc4 b5 10. Ba2 b4 11. axb4 cxb4 12. Na4 a5 13. c3 bxc3 14. bxc3 d5 15. Qe1
dxe4 16. dxe4 Nh5 17. Bc4 Ba6 18. Bxa6 Rxa6 19. Nc5 Rb6 20. Be3 Rb8 21. Na6 Rb3
22. Rc1 Ra3 23. Bc5 Rb3 24. Nd4 Nxd4 25. Bxd4 Bxd4 26. cxd4 Qxd4 27. Rd1 Qc4
28. Nc5 Qxc5 29. Qe2 Qg5 30. f3 Ng3 31. Qf2 Nxf1 32. Qxf1 Rb2 33. Qe1 Qxg2# 0-1

[Event "DVM U10 2016"]
[Site "Magdeburg GER"]
[Date "2016.12.27"]
[Round "1"]
[White "Currenti, Gianluca"]
[Black "Dornheim, Anna Elisabeth"]
[Result "1-0"]
[Termination "normal"]
[Board "20.4"]
[WhiteElo "948"]
[BlackElo "600"]
[WhiteTeam "Schachzwerge Magdeburg 1"]
[BlackTeam "Schachzwerge Magdeburg 2"]
[PlyCount "49"]
[BlackFideId "34644296"]
[EventCountry "GER"]
[EventRounds "7"]
[EventType "team-swiss"]
[EventDate "2016.12.27"]

1. e4 c5 2. Nf3 d6 3. d4 cxd4 4. Nxd4 e5 5. Nf3 Qa5+ 6. Nc3 Bg4 7. h3 Bxf3 8.
Qxf3 Nc6 9. Bc4 Nf6 10. Bg5 O-O-O 11. O-O Nd4 12. Qd3 Re8 13. Ne2 Nxe2+ 14.
Qxe2 d5 15. Bb5 Rd8 16. Bd3 Re8 17. Rfc1 Qa4 18. c4 dxc4 19. Rxc4+ Kd8 20. Rxa4
Bd6 21. Bxf6+ gxf6 22. Rxa7 Ke7 23. Rxb7+ Kf8 24. Qh5 Bc5 25. Qxf7# 1-0

[Event "DVM U10 2016"]
[Site "Magdeburg GER"]
[Date "2016.12.27"]
[Round "1"]
[White "Guo, Philipp Ziming"]
[Black "Langer, Paul Georg"]
[Result "0-1"]
[Termination "normal"]
[Board "21.1"]
[WhiteElo "906"]
[BlackElo "1246"]
[WhiteTeam "TuRa Harksheide Norderstedt"]
[BlackTeam "SG Blau-Weiß Stadtilm"]
[PlyCount "106"]
[WhiteFideId "16245199"]
[BlackFideId "16230051"]
[EventCountry "GER"]
[EventRounds "7"]
[EventType "team-swiss"]
[EventDate "2016.12.27"]

1. e4 e5 2. Nf3 Nc6 3. d4 exd4 4. Nxd4 Bc5 5. Be3 Qf6 6. c3 Nge7 7. b4 Bb6 8.
Bc4 O-O 9. O-O a6 10. Nf3 Bxe3 11. fxe3 Qg6 12. Qc2 d6 13. a4 a5 14. b5 Nd8 15.
Rf2 Be6 16. Ba2 Bxa2 17. Rxa2 Ne6 18. e5 Qxc2 19. Raxc2 Rad8 20. h4 Nf5 21. e4
Ne3 22. Rce2 Ng4 23. Rf1 Nxe5 24. Nbd2 Nxf3+ 25. Rxf3 Nc5 26. Nc4 b6 27. Nb2
Rde8 28. Rf4 d5 29. e5 Re6 30. c4 dxc4 31. Nxc4 Rfe8 32. Kf2 Nd3+ 33. Kf3 Nxf4
34. Kxf4 f6 35. Kf5 g6+ 36. Kf4 fxe5+ 37. Nxe5 Kg7 38. g4 Rf8+ 39. Ke4 h6 40.
g5 hxg5 41. hxg5 Rf5 42. Kd5 Rd6+ 43. Kc4 Rxg5 44. Nf3 Rc5+ 45. Kb3 Rd3+ 46.
Kb2 Rxf3 47. Re7+ Kh6 48. Re2 g5 49. Rh2+ Kg6 50. Re2 g4 51. Rg2 Kg5 52. Kb1 g3
53. Kb2 Kg4 0-1

[Event "DVM U10 2016"]
[Site "Magdeburg GER"]
[Date "2016.12.27"]
[Round "1"]
[White "Rapp, Leonard"]
[Black "Rößl, Sara"]
[Result "1-0"]
[Termination "normal"]
[Board "21.2"]
[WhiteElo "1479"]
[BlackElo "728"]
[WhiteTeam "SG Blau-Weiß Stadtilm"]
[BlackTeam "TuRa Harksheide Norderstedt"]
[PlyCount "111"]
[WhiteFideId "16212428"]
[BlackFideId "16255828"]
[EventCountry "GER"]
[EventRounds "7"]
[EventType "team-swiss"]
[EventDate "2016.12.27"]

1. e4 e5 2. Nf3 Nc6 3. d4 exd4 4. Nxd4 Nxd4 5. Qxd4 Qe7 6. Nc3 Nf6 7. Be3 Qe6
8. e5 Ng4 9. f4 Be7 10. Bd2 O-O 11. O-O-O Re8 12. h3 Nh6 13. Bd3 Bh4 14. Be1
Be7 15. Qe4 g6 16. Bf2 Nf5 17. g4 Nh4 18. Bxh4 Bxh4 19. Qd5 Qxd5 20. Nxd5 Rb8
21. Nf6+ Bxf6 22. exf6 d6 23. Rhe1 Be6 24. b3 Rbd8 25. f5 Bd7 26. Rxe8+ Rxe8
27. Kd2 Bc6 28. Bf1 Re5 29. Kc1 d5 30. a4 Re4 31. Kb2 d4 32. Bg2 Re2 33. Bxc6
bxc6 34. Rxd4 Re8 35. Kc3 Re3+ 36. Kc4 Re8 37. Kc5 Rc8 38. Kxc6 h6 39. Kd7 Rf8
40. Ke7 Rb8 41. Rd8+ Rxd8 42. Kxd8 gxf5 43. gxf5 h5 44. h4 c6 45. b4 a6 46. c4
Kh7 47. b5 axb5 48. axb5 cxb5 49. cxb5 Kg8 50. b6 Kh7 51. b7 Kg8 52. Kd7 Kh7
53. Ke7 Kg8 54. b8=Q+ Kh7 55. Qg3 Kh8 56. Qg7# 1-0

[Event "DVM U10 2016"]
[Site "Magdeburg GER"]
[Date "2016.12.27"]
[Round "1"]
[White "Duong, Nhat-Minh"]
[Black "Staude, Quentin"]
[Result "1-0"]
[Termination "normal"]
[Board "21.3"]
[WhiteElo "847"]
[BlackElo "957"]
[WhiteTeam "TuRa Harksheide Norderstedt"]
[BlackTeam "SG Blau-Weiß Stadtilm"]
[PlyCount "51"]
[WhiteFideId "16245261"]
[EventCountry "GER"]
[EventRounds "7"]
[EventType "team-swiss"]
[EventDate "2016.12.27"]

1. e4 e5 2. Nf3 Nc6 3. Nc3 Bc5 4. Nxe5 Nxe5 5. d4 Bxd4 6. Qxd4 Qf6 7. Nd5 Qd6
8. Bf4 c5 9. Qd2 f6 10. O-O-O Ne7 11. Nxe7 Qxe7 12. Bb5 a6 13. Ba4 b5 14. Bxe5
fxe5 15. Qd5 Ra7 16. Bb3 c4 17. Bxc4 bxc4 18. Qxc4 Bb7 19. Qc7 d5 20. Qb8+ Kf7
21. Qxa7 Ra8 22. Qb6 dxe4 23. Rhe1 h6 24. Re3 a5 25. Rc3 Qd8 26. Rxd8 1-0

[Event "DVM U10 2016"]
[Site "Magdeburg GER"]
[Date "2016.12.27"]
[Round "1"]
[White "Witt, Niclas"]
[Black "Foos, Vanessa"]
[Result "1-0"]
[Termination "normal"]
[Board "21.4"]
[WhiteElo "735"]
[BlackElo "786"]
[WhiteTeam "SG Blau-Weiß Stadtilm"]
[BlackTeam "TuRa Harksheide Norderstedt"]
[PlyCount "79"]
[BlackFideId "16245270"]
[EventCountry "GER"]
[EventRounds "7"]
[EventType "team-swiss"]
[EventDate "2016.12.27"]

1. e4 c6 2. Nf3 d5 3. Nc3 Nf6 4. Bd3 Bg4 5. h3 Bxf3 6. gxf3 e5 7. b3 d4 8. Na4
Bb4 9. Bb2 Nbd7 10. Qe2 O-O 11. O-O-O Qe7 12. Rhg1 Ba3 13. Qf1 g6 14. Qg2 Nh5
15. Qg4 Nf4 16. Bf1 Qd6 17. h4 d3 18. cxd3 Bxb2+ 19. Nxb2 Nc5 20. h5 Ncxd3+ 21.
Nxd3 Nxd3+ 22. Bxd3 Qxd3 23. hxg6 fxg6 24. Qh4 Rf7 25. Rxg6+ Kf8 26. Rg5 Rd8
27. Rdg1 Qxd2+ 28. Kb1 Qd3+ 29. Kb2 Qd4+ 30. Ka3 Ke7 31. Rxe5+ Kd6 32. Qh6+ Kc7
33. Re6 b5 34. Rc1 b4+ 35. Ka4 a5 36. Rexc6+ Kb7 37. Ra6 Qd7+ 38. Rcc6 Rc8 39.
Qe3 Ra8 40. Qb6# 1-0